000
00319nam a2200145Ia 4500
005
20251222175930.0
008
251222s9999||||xx |||||||||||||| ||spa||
020
_a
8496463397
082
_a
833.92/L89
100
_a
Lorentz, Iny
245
0
_a
La Ramera Errante
250
_a
1ra.ed.
264
_b
Suma
942
_c
LIB
999
_c
41016
_d
41016